<?xml version="1.0" encoding="UTF-8"?>
<record
    xmlns:xsi="http://www.w3.org/2001/XMLSchema-instance"
    xsi:schemaLocation="http://www.loc.gov/MARC21/slim http://www.loc.gov/standards/marcxml/schema/MARC21slim.xsd"
    xmlns="http://www.loc.gov/MARC21/slim">

  <leader>02299cam a22002894i 4500</leader>
  <controlfield tag="003">PE-LiUPU</controlfield>
  <controlfield tag="005">20250918100750.0</controlfield>
  <controlfield tag="008">2017xxxxuuuuu uy a    rb    000 0 spa d</controlfield>
  <datafield tag="020" ind1=" " ind2=" ">
    <subfield code="a">9789974749122</subfield>
  </datafield>
  <datafield tag="035" ind1=" " ind2=" ">
    <subfield code="a">PE-LiUPU000002</subfield>
  </datafield>
  <datafield tag="040" ind1=" " ind2=" ">
    <subfield code="a">PE-LiUPU</subfield>
    <subfield code="b">spa</subfield>
    <subfield code="c">PE-LiUPU</subfield>
    <subfield code="e">rda</subfield>
  </datafield>
  <datafield tag="082" ind1="0" ind2="4">
    <subfield code="a">610.73</subfield>
    <subfield code="b">M385m</subfield>
    <subfield code="2">20</subfield>
  </datafield>
  <datafield tag="100" ind1=" " ind2=" ">
    <subfield code="a">Martinez Reyes, Carolina,</subfield>
    <subfield code="e">autor.</subfield>
    <subfield code="9">6846</subfield>
  </datafield>
  <datafield tag="245" ind1="1" ind2="0">
    <subfield code="a">Manual ilustrado enfermer&#xED;a fundamental :</subfield>
    <subfield code="b">compendio te&#xF3;rico&#x2011;pr&#xE1;ctico con procedimientos innovadores y normas actualizadas /</subfield>
    <subfield code="c">por Carolina Martinez Reyes y Mirta Ang&#xE9;lica Furriel.</subfield>
  </datafield>
  <datafield tag="264" ind1=" " ind2="1">
    <subfield code="a">Montevideo :</subfield>
    <subfield code="b">Arquetipo Grupo Editorial,</subfield>
    <subfield code="c">2017.</subfield>
  </datafield>
  <datafield tag="300" ind1=" " ind2=" ">
    <subfield code="a">912 p&#xE1;ginas :</subfield>
    <subfield code="b">tapa dura ;</subfield>
    <subfield code="c">28 cm</subfield>
  </datafield>
  <datafield tag="336" ind1=" " ind2=" ">
    <subfield code="a">text</subfield>
    <subfield code="2">rdacontent</subfield>
  </datafield>
  <datafield tag="337" ind1=" " ind2=" ">
    <subfield code="a">unmediated</subfield>
    <subfield code="2">rdamedia</subfield>
  </datafield>
  <datafield tag="338" ind1=" " ind2=" ">
    <subfield code="a">volume</subfield>
    <subfield code="2">rdacarrier</subfield>
  </datafield>
  <datafield tag="504" ind1=" " ind2=" ">
    <subfield code="a">Bibliograf&#xED;a : al final del libro.</subfield>
  </datafield>
  <datafield tag="505" ind1="0" ind2=" ">
    <subfield code="a">La enfermer&#xED;a como profesi&#xF3;n -- Actividades b&#xE1;sicas de enfermer&#xED;a -- Comodidad y mec&#xE1;nica corporal -- La nutrici&#xF3;n en enfermer&#xED;a -- La higiene personal -- Eliminaci&#xF3;n intestinal y urinaria -- Manejo de l&#xED;quidos, electrolitos y balance &#xE1;cido-base -- Manejo de la oxigenaci&#xF3;n -- &#xBF;Qu&#xE9; es la comunicaci&#xF3;n? -- Clasificaciones NANDA, NOC y NIC -- El proceso de enfermer&#xED;a -- Diagn&#xF3;stico de enfermer&#xED;a -- Evaluaci&#xF3;n de los sistemas org&#xE1;nicos -- Administraci&#xF3;n de medicamentos y farmacolog&#xED;a -- Atenci&#xF3;n ante enfermedades infectocontagiosas -- Control de desperdicios biom&#xE9;dicos -- Cuidados de enfermer&#xED;a en el proceso de rehabilitaci&#xF3;n -- El manejo del dolor: un desaf&#xED;o -- Primeros auxilios en emergencias -- Manejo del paciente inconsciente -- Manejo del paciente en estado de shock -- Manejo del estr&#xE9;s -- Manejo de la p&#xE9;rdida, el duelo y la muerte -- Promoci&#xF3;n de la salud -- Atenci&#xF3;n materno-infantil -- Nociones de anatom&#xED;a y fisiolog&#xED;a humana -- Valores normales de referencia de laboratorio -- C&#xE1;lculos de enfermer&#xED;a -- Instrumentos m&#xE9;dicos para cirug&#xED;as y otros procedimientos -- &#xCD;ndice de tablas y procedimientos.
</subfield>
  </datafield>
  <datafield tag="650" ind1="1" ind2="0">
    <subfield code="a">Enfermer&#xED;a fundamental</subfield>
    <subfield code="z">Uruguay.</subfield>
    <subfield code="9">6847</subfield>
  </datafield>
  <datafield tag="700" ind1=" " ind2=" ">
    <subfield code="a">Furriel, Mirta Ang&#xE9;lica,</subfield>
    <subfield code="e">autor.</subfield>
    <subfield code="9">6848</subfield>
  </datafield>
  <datafield tag="942" ind1=" " ind2=" ">
    <subfield code="2">ddc</subfield>
    <subfield code="c">BK</subfield>
  </datafield>
  <datafield tag="980" ind1=" " ind2=" ">
    <subfield code="6">21515</subfield>
    <subfield code="a">ROMINA COBOS Adquisiciones</subfield>
    <subfield code="8">21515</subfield>
    <subfield code="g">ROMINA COBOS Adquisiciones</subfield>
  </datafield>
  <datafield tag="999" ind1=" " ind2=" ">
    <subfield code="c">63045</subfield>
    <subfield code="d">63044</subfield>
  </datafield>
  <datafield tag="952" ind1=" " ind2=" ">
    <subfield code="r">2025-12-03 00:00:00</subfield>
    <subfield code="l">0</subfield>
    <subfield code="o">610.73 M385m</subfield>
    <subfield code="p">82731</subfield>
    <subfield code="t">e1</subfield>
    <subfield code="v">130.00</subfield>
    <subfield code="w">2025-09-18</subfield>
    <subfield code="x">FCS</subfield>
    <subfield code="y">BK</subfield>
    <subfield code="1">0</subfield>
    <subfield code="2">ddc</subfield>
    <subfield code="5">0</subfield>
    <subfield code="7">0</subfield>
    <subfield code="8">GEN</subfield>
    <subfield code="f">P22</subfield>
    <subfield code="a">BUL</subfield>
    <subfield code="b">BUL</subfield>
    <subfield code="c">GEN</subfield>
    <subfield code="d">2025-09-17</subfield>
    <subfield code="e">COMPRA</subfield>
    <subfield code="g">125.00</subfield>
  </datafield>
</record>
